FC 24 Golazo - Statistics

General Stats
  • This quiz has been taken 38 times
    30 since last reset
  • The average score is 22 of 37
Answer Stats
rat pos nation/league playr % Correct
Golazo Icon 96 CF Hungary Ferenc Puskás
100%
Golazo Icon 97 CF Netherlands Johan Cruyff
100%
Golazo Icon 94 RWB Brazil Cafu
91%
Golazo Icon 94 ST Ivory Coast Didier Drogba
91%
Golazo Icon 94 CB Serbia Nemanja Vidić
91%
Golazo Icon 92 LB England Ashley Cole
82%
Golazo Icon 93 CAM Brazil Kaká
82%
Golazo Icon 91 CDM Ghana Michael Essien
82%
Golazo Icon 93 CDM Spain Xabi Alonso
82%
Golazo Icon 90 CDM Spain Xabi Alonso
82%
Golazo Icon 94 ST Germany Birgit Prinz
77%
Golazo Icon 94 CAM England Bobby Charlton
77%
Golazo Icon 93 LB Brazil Roberto Carlos
77%
Golazo Icon 92 CM England Frank Lampard
73%
Golazo Icon 92 CB France Marcel Desailly
68%
Golazo Icon 91 ST Netherlands Robin van Persie
68%
Golazo Icon 89 ST Netherlands Robin van Persie
68%
Golazo Hero 93 RW Saudi Pro League Saeed Al-Owairan
68%
Golazo Icon 94 RW Brazil Jairzinho
59%
Golazo Icon 92 CF France Eric Cantona
55%
Golazo Icon 92 ST England Gary Lineker
55%
Golazo Hero 93 ST Serie A Gianluca Vialli
50%
Golazo Hero 89 CAM MLS Clint Dempsey
45%
Golazo Hero 90 CAM Ligue 1 Jay-Jay Okocha
45%
Golazo Hero 92 CB Bundesliga Jürgen Kohler
45%
Golazo Hero 88 ST Premier League Peter Crouch
45%
Golazo Hero 93 ST Premier League Dimitar Berbatov
41%
Golazo Hero 91 CF LPF Enzo Francescoli
41%
Golazo Hero 91 LW Premier League Harry Kewell
41%
Golazo Hero 92 CM Premier League Park Ji-Sung
41%
Golazo Icon 91 CB England Sol Campbell
41%
Golazo Hero 93 CB Serie A Iván Córdoba
36%
Golazo Hero 92 LM Premier League David Ginola
32%
Golazo Hero 90 CDM La Liga Rafael Márquez
32%
Golazo Hero 91 ST Premier League Robbie Keane
27%
Golazo Hero 92 CAM Premier League Tomáš Rosický
27%
Golazo Hero 90 CAM Serie A Hidetoshi Nakata
14%
No matching quizzes found
Score Distribution
Percent of People with Each Score
Percentile by Number Answered
Your Score History
You have not taken this quiz since the last reset